000 00452cam a22001814a 4500
005 20250605164114.0
008 250528s ||||||||||||||||||||||||d
035 _a18006
040 _aGR-AtMCL
_bgre
_dGR-AtMCL
_eAACR2
245 1 _aΨΥΧΑΝΑΛΥΣΗ ΚΑΙ ΘΡΗΣΚΕΙΑ
250 _a2
260 _bΜπουκουμάνης,
_c1974
300 _a130
700 1 _aFromm Erich
_9288
942 _cBK
999 _c3398
_d3398